| 000 -LEADER |
| fixed length control field |
01337cam a22003614a 4500 |
| 001 - CONTROL NUMBER |
| control field |
9059987 |
| 005 - DATE AND TIME OF LATEST TRANSACTION |
| control field |
20170105102352.0 |
| 006 - FIXED-LENGTH DATA ELEMENTS--ADDITIONAL MATERIAL CHARACTERISTICS |
| fixed length control field |
m d |
| 007 - PHYSICAL DESCRIPTION FIXED FIELD--GENERAL INFORMATION |
| fixed length control field |
cr n |
| 008 - FIXED-LENGTH DATA ELEMENTS--GENERAL INFORMATION |
| fixed length control field |
110405s2011 maua s 000 0 eng d |
| 020 ## - INTERNATIONAL STANDARD BOOK NUMBER |
| International Standard Book Number |
9780123814791 |
| 035 ## - SYSTEM CONTROL NUMBER |
| System control number |
(WaSeSS)ssj0000507801 |
| 040 ## - CATALOGING SOURCE |
| Original cataloging agency |
DLC |
| Transcribing agency |
DLC |
| Modifying agency |
DLC |
| -- |
WaSeSS |
| 042 ## - AUTHENTICATION CODE |
| Authentication code |
pcc |
| 050 #4 - LIBRARY OF CONGRESS CALL NUMBER |
| Classification number |
QA76.9.D343 |
| Item number |
H36 2011 |
| 082 00 - DEWEY DECIMAL CLASSIFICATION NUMBER |
| Classification number |
006.312 |
| Edition number |
22 |
| 100 1# - MAIN ENTRY--PERSONAL NAME |
| Personal name |
Han, Jiawei. |
| 210 10 - ABBREVIATED TITLE |
| Abbreviated title |
Data mining |
| 245 10 - TITLE STATEMENT |
| Title |
Data mining : concepts and techniques |
| Remainder of title |
concepts and techniques |
| Statement of responsibility, etc. |
Jiawei Han, Micheline Kamber, Jian Pei. |
| 250 ## - EDITION STATEMENT |
| Edition statement |
3rd ed. |
| 260 ## - PUBLICATION, DISTRIBUTION, ETC. |
| Place of publication, distribution, etc. |
Burlington, MA : |
| Name of publisher, distributor, etc. |
Elsevier, |
| Date of publication, distribution, etc. |
c2011. |
| 300 ## - PHYSICAL DESCRIPTION |
| Extent |
xxxv, 703 p. |
| Other physical details |
ill.; |
| Dimensions |
25 cm. |
| 500 ## - GENERAL NOTE |
| General note |
Includes index |
| 506 ## - RESTRICTIONS ON ACCESS NOTE |
| Terms governing access |
License restrictions may limit access. |
| 650 #0 - SUBJECT ADDED ENTRY--TOPICAL TERM |
| Topical term or geographic name entry element |
Data mining. |
| 700 1# - ADDED ENTRY--PERSONAL NAME |
| Personal name |
Kamber, Micheline. |
| 773 #0 - HOST ITEM ENTRY |
| Title |
Safari Technical Books (Current File) |
| 773 #0 - HOST ITEM ENTRY |
| Title |
ScienceDirect Computer Science eBook Collection 2011 |
| 856 40 - ELECTRONIC LOCATION AND ACCESS |
| Uniform Resource Identifier |
<a href="http://www.columbia.edu/cgi-bin/cul/resolve?clio9059987.001">http://www.columbia.edu/cgi-bin/cul/resolve?clio9059987.001</a> |
| Public note |
Full text available from Safari Technical Books (Current File) |
| 856 40 - ELECTRONIC LOCATION AND ACCESS |
| Uniform Resource Identifier |
<a href="http://www.columbia.edu/cgi-bin/cul/resolve?clio9059987.002">http://www.columbia.edu/cgi-bin/cul/resolve?clio9059987.002</a> |
| Public note |
Full text available from ScienceDirect Computer Science eBook Collection 2011 |
| 910 ## - USER-OPTION DATA (OCLC) |
| User-option data |
Library of Congress record |
| 942 ## - ADDED ENTRY ELEMENTS (KOHA) |
| Source of classification or shelving scheme |
|
| Koha item type |
Book |